<?xml version="1.0" encoding="UTF-8"?><?xml-stylesheet type="text/xsl" href="static/style.xsl"?><OAI-PMH xmlns="http://www.openarchives.org/OAI/2.0/" xmlns:xsi="http://www.w3.org/2001/XMLSchema-instance" xsi:schemaLocation="http://www.openarchives.org/OAI/2.0/ http://www.openarchives.org/OAI/2.0/OAI-PMH.xsd"><responseDate>2026-04-13T04:12:58Z</responseDate><request verb="GetRecord" identifier="oai:www.recercat.cat:2117/441389" metadataPrefix="marc">https://recercat.cat/oai/request</request><GetRecord><record><header><identifier>oai:recercat.cat:2117/441389</identifier><datestamp>2025-09-11T10:31:32Z</datestamp><setSpec>com_2072_1033</setSpec><setSpec>col_2072_452951</setSpec></header><metadata><record xmlns="http://www.loc.gov/MARC21/slim" xmlns:dcterms="http://purl.org/dc/terms/" xmlns:xsi="http://www.w3.org/2001/XMLSchema-instance" xmlns:doc="http://www.lyncode.com/xoai" xsi:schemaLocation="http://www.loc.gov/MARC21/slim http://www.loc.gov/standards/marcxml/schema/MARC21slim.xsd">
   <leader>00925njm 22002777a 4500</leader>
   <datafield ind2=" " ind1=" " tag="042">
      <subfield code="a">dc</subfield>
   </datafield>
   <datafield ind2=" " ind1=" " tag="720">
      <subfield code="a">Ruiz Ripoll, Alex</subfield>
      <subfield code="e">author</subfield>
   </datafield>
   <datafield ind2=" " ind1=" " tag="260">
      <subfield code="c">2025-07-21</subfield>
   </datafield>
   <datafield ind2=" " ind1=" " tag="520">
      <subfield code="a">Aquest treball de final de grau analitza en profunditat el comportament de l’estanquitat en les juntes entre dovelles prefabricades en túnels construïts mitjançant tuneladora (Tunnel Boring Machine - TBM). Davant la problemàtica persistent de filtracions d’aigua en túnels, tot i els avenços tecnològics en disseny i materials, es planteja un estudi tècnic per identificar els punts crítics que comprometen la impermeabilització. S’estudien tant els factors de disseny (com el GAP, l’OFFSET, la disposició d’anells i la tipologia de juntes), com els condicionants de la fase constructiva (interacció mecànica entre dovelles, compressions insuficients, errors de col·locació) i les afectacions durant la fase de servei (envelliment del material, consolidació del terreny, fluència del formigó). Especial atenció es presta al comportament del cautxú EPDM com a material de junta i als processos de fabricació, extrusió i vulcanització d’aquestes peces. S’ha considerat incorporar el punt de vista d’un grup de professionals del sector que, des dels seus diferents àmbits de treball, han pogut aportar una valuosíssima aportació de realitat per a poder comparar amb l’estudi teòric que s’ha realitzat dins de la problemàtica. Aquesta aportació ha sigut mitjançant una enquesta preparada per a poder afrontar els reptes que presenta aquest treball, on hem profunditzat sobre la concepció del treball realitzat en problemàtiques reals respecte a l’estanqueïtat. A partir de l’anàlisi, es proposa una classificació dels punts de fallada més rellevants, valorant-ne la incidència segons la fase de vida del projecte. Això permet establir una base metodològica per a la millora de la impermeabilització en túnels, amb especial èmfasi en la selecció de materials, el control de qualitat de les juntes i la precisió en el muntatge. Aquest estudi pretén contribuir a l’optimització de les tècniques actuals d’estanquitat en túnels amb dovelles prefabricades, posant de manifest la necessitat d’abordar el problema des d’un enfocament multidisciplinari que combini enginyeria de materials, processos constructius i criteris de manteniment.</subfield>
   </datafield>
   <datafield ind2=" " ind1=" " tag="520">
      <subfield code="a">Objectius de Desenvolupament Sostenible::9 - Indústria, Innovació i Infraestructura</subfield>
   </datafield>
   <datafield ind2=" " ind1=" " tag="520">
      <subfield code="a">Objectius de Desenvolupament Sostenible::6 - Aigua Neta i Sanejament</subfield>
   </datafield>
   <datafield ind1="8" ind2=" " tag="024">
      <subfield code="a">http://hdl.handle.net/2117/441389</subfield>
   </datafield>
   <datafield tag="653" ind2=" " ind1=" ">
      <subfield code="a">Àrees temàtiques de la UPC::Enginyeria civil::Materials i estructures</subfield>
   </datafield>
   <datafield tag="653" ind2=" " ind1=" ">
      <subfield code="a">Tunnels--Design and construction</subfield>
   </datafield>
   <datafield tag="653" ind2=" " ind1=" ">
      <subfield code="a">Joints (Engineering)</subfield>
   </datafield>
   <datafield tag="653" ind2=" " ind1=" ">
      <subfield code="a">Polymeric composites</subfield>
   </datafield>
   <datafield tag="653" ind2=" " ind1=" ">
      <subfield code="a">Estanqueïtat</subfield>
   </datafield>
   <datafield tag="653" ind2=" " ind1=" ">
      <subfield code="a">EPDM</subfield>
   </datafield>
   <datafield tag="653" ind2=" " ind1=" ">
      <subfield code="a">TBM</subfield>
   </datafield>
   <datafield tag="653" ind2=" " ind1=" ">
      <subfield code="a">Dovella</subfield>
   </datafield>
   <datafield tag="653" ind2=" " ind1=" ">
      <subfield code="a">Impermeabilització</subfield>
   </datafield>
   <datafield tag="653" ind2=" " ind1=" ">
      <subfield code="a">Túnels</subfield>
   </datafield>
   <datafield tag="653" ind2=" " ind1=" ">
      <subfield code="a">Túnels--Disseny i construcció</subfield>
   </datafield>
   <datafield tag="653" ind2=" " ind1=" ">
      <subfield code="a">Juntures (Enginyeria)</subfield>
   </datafield>
   <datafield tag="653" ind2=" " ind1=" ">
      <subfield code="a">Compostos polimèrics</subfield>
   </datafield>
   <datafield ind2="0" ind1="0" tag="245">
      <subfield code="a">Comportament en quant a estanqueïtat de les juntes entre dovelles prefabricades de túnels executats amb TBM</subfield>
   </datafield>
</record></metadata></record></GetRecord></OAI-PMH>